[Event "IECC CL5-2006.21 email"]
[Site "IECC email"]
[Date "2006.11.25"]
[Round "?"]
[White "Szabo, Sandor"]
[Black "Soukupova, Petra"]
[Result "1-0"]
[WhiteElo "1591"]
[BlackElo "1487"]
[PlyCount "47"]
[EventDate "2006.??.??"]
[EventType "tourn (corr)"]
[EventRounds "4"]
[SourceTitle "Corr 2008"]
[Source "ChessBase"]
[SourceDate "2008.06.24"]
[SourceVersion "1"]
[SourceVersionDate "2008.06.24"]
[SourceQuality "1"]

1. d4 d5 2. c4 e6 3. Nc3 c6 4. e3 Nf6 5. Nf3 Nbd7 6. Bd3 Bb4 7. 0-0 Qe7 8. cxd5 exd5 9. Bd2 Nb6 10. Re1 Be6 11. e4 dxe4 12. Nxe4 Nxe4 13. Bxe4 0-0-0 14. Bf5 Nd5 15. Bxe6+ fxe6 16. Bxb4 Qxb4 17. Qc2 Nf4 18. g3 Nd5 19. Ng5 Rhe8 20. a3 Qb6 21. Nxe6 Rd7 22. Nxg7 Rf8 23. Ne6 Rff7 24. Nc5 1-0

[Event "P-3989"]
[Site "IECC email"]
[Date "2005.08.07"]
[Round "?"]
[White "Soukupova, Petra"]
[Black "Pivirotto, Filiberto"]
[Result "0-1"]
[WhiteElo "1495"]
[BlackElo "1595"]
[PlyCount "80"]
[EventDate "2005.??.??"]
[EventType "tourn (corr)"]
[SourceTitle "Corr 2020"]
[Source "ChessBase"]
[SourceDate "2019.09.30"]
[SourceVersion "1"]
[SourceVersionDate "2019.09.30"]
[SourceQuality "1"]
[WhiteTeam "Czech Republic"]
[BlackTeam "Italy"]
[WhiteTeamCountry "CZE"]
[BlackTeamCountry "ITA"]

1. e4 Nf6 2. Nc3 e5 3. Nf3 Nc6 4. Bc4 Nxe4 5. Nxe4 d5 6. Bd3 dxe4 7. Bxe4 Nb4 8. c3 Nd3+ 9. Bxd3 Qxd3 10. Nxe5 Qe4+ 11. Qe2 Qxg2 12. Nf3+ Be6 13. Rg1 Qh3 14. Rg3 Qf5 15. Nd4 Qd5 16. Nxe6 fxe6 17. d4 g6 18. Re3 0-0-0 19. Rxe6 Bd6 20. h3 Qh1+ 21. Qf1 Qxf1+ 22. Kxf1 Kd7 23. Re2 h6 24. Bd2 g5 25. Rae1 Rdf8 26. Kg2 Rf5 27. c4 Rh7 28. a3 c6 29. b3 Rhf7 30. a4 Bf8 31. Rd1 b6 32. Be1 Rf3 33. Re3 R3f5 34. f3 Bd6 35. Rdd3 Bf4 36. Re4 R7f6 37. Bc3 Rf8 38. Bb4 R8f7 39. Kf2 Kc7 40. Re6 R5f6 0-1

[Event "P-3933"]
[Site "IECC email"]
[Date "2005.05.06"]
[Round "?"]
[White "Cisneros, Claudi"]
[Black "Soukupova, Petra"]
[Result "0-1"]
[WhiteElo "1200"]
[BlackElo "1493"]
[PlyCount "52"]
[EventDate "2005.??.??"]
[EventType "tourn (corr)"]
[SourceTitle "Corr 2020"]
[Source "ChessBase"]
[SourceDate "2019.09.30"]
[SourceVersion "1"]
[SourceVersionDate "2019.09.30"]
[SourceQuality "1"]
[WhiteTeam "Spain"]
[BlackTeam "Czech Republic"]
[WhiteTeamCountry "ESP"]
[BlackTeamCountry "CZE"]

1. d4 d5 2. c4 e6 3. Nc3 Nf6 4. Nxd5 exd5 5. c5 Ne4 6. Qa4+ Bd7 7. Qb3 Bc6 8. Nf3 Qe7 9. Bf4 g5 10. Bg3 Nd7 11. e3 Bg7 12. Rd1 f5 13. Be2 0-0-0 14. Qb4 Rde8 15. Ne5 Nxe5 16. Bxe5 Bxe5 17. dxe5 Qxe5 18. Bh5 Nxf2 19. Kxf2 Qxe3+ 20. Kf1 g4 21. Bxe8 Rxe8 22. a4 Qe2+ 23. Kg1 Qxd1+ 24. Kf2 Qe2+ 25. Kg3 Qe3+ 26. Kh4 Re6 0-1

[Event "IECC CL5-2004.29 email"]
[Site "IECC email"]
[Date "2004.12.20"]
[Round "?"]
[White "Brown, Tony R"]
[Black "Soukupova, Petra"]
[Result "0-1"]
[WhiteElo "1484"]
[BlackElo "1462"]
[PlyCount "46"]
[EventDate "2004.??.??"]
[EventType "tourn (corr)"]
[EventRounds "4"]
[SourceTitle "Corr 2008"]
[Source "ChessBase"]
[SourceDate "2008.06.24"]
[SourceVersion "1"]
[SourceVersionDate "2008.06.24"]
[SourceQuality "1"]

1. e4 e5 2. Nf3 Nc6 3. Bc4 Bc5 4. c3 Nf6 5. d4 exd4 6. e5 d5 7. Bb5 Ne4 8. cxd4 Bb4+ 9. Nbd2 Bd7 10. Qa4 0-0 11. 0-0 Be7 12. Qb3 Bf5 13. Qa4 Nb8 14. Nxe4 dxe4 15. Nd2 c6 16. Be2 b5 17. Bxb5 cxb5 18. Qxb5 Qxd4 19. Nb3 Qd3 20. Qb7 Nd7 21. Be3 Rfb8 22. Qc7 Qa6 23. Nd4 Rc8 0-1

[Event "SEMI B028 email"]
[Site "SEMI email"]
[Date "2002.03.25"]
[Round "?"]
[White "Soukupova, Petra"]
[Black "Kelbl, Jiri"]
[Result "1-0"]
[WhiteElo "1000"]
[BlackElo "1007"]
[PlyCount "51"]
[EventDate "2002.03.25"]
[EventType "tourn (corr)"]
[EventRounds "6"]
[EventCountry "ITA"]
[SourceTitle "Telechess CBM 097"]
[Source "ChessBase"]
[SourceDate "2003.11.11"]
[SourceVersion "1"]
[SourceVersionDate "2003.11.11"]
[SourceQuality "1"]

1. e4 e6 2. d4 d5 3. e5 c5 4. c3 Qb6 5. Nf3 Bd7 6. Be2 cxd4 7. cxd4 Bb5 8. Qb3 Bxe2 9. Qxb6 axb6 10. Kxe2 Ne7 11. Nc3 Nec6 12. Bd2 Nd7 13. Nb5 Rc8 14. Rhc1 Be7 15. Rc3 0-0 16. Rac1 Ra8 17. a3 Ra5 18. Rxc6 bxc6 19. Bxa5 bxa5 20. Rxc6 Nb8 21. Rc7 Bd8 22. Rc3 Bb6 23. Nd6 Rd8 24. b4 axb4 25. axb4 f6 26. Nc8 1-0